Poesía

Gorde:
Xehetasun bibliografikoak
Egile nagusia: Azofeifa, Isaac Felipe
Formatua: Liburua
Hizkuntza:Undetermined
Argitaratua: San José, Costa Rica Editorial Costa Rica 1972
Gaiak:
Etiketak: Etiketa erantsi
Etiketarik gabe, Izan zaitez lehena erregistro honi etiketa jartzen!

MARC

LEADER 00000nam a2200000Ia 4500
008 170316s9999 xx 000 0 und d
040 |a cru BVZT 
090 |a 868 A-21p 
100 |a Azofeifa, Isaac Felipe  |9 353 
245 |a Poesía  |c / Isaac Felipe Azofeifa 
260 |a San José, Costa Rica  |b Editorial Costa Rica  |c 1972 
300 |a 215 páginas 
650 |a LITERATURA COSTARRICENSE  |9 17 
999 |c 10694  |d 10694 
942 |c 15 D  |h 868 A-21p  |2 z